000 00866nam a2200265 a 4500
001 44873
003 BD-RjUL
005 20211209053929.0
008 160720s1990 ph bs 000 0 eng
020 _a9711240130
035 _a(BD-RjUL)44991
040 _aDLC
_cDLC
_dDLC
_dBD-RjUL
_beng
041 _aeng
082 _223
_a382
_bFOR 1990
245 0 0 _aForeign trade barriers and export growth.
260 _aManila :
_bEconomics and Development Resource Center, Asian Development Bank,
_cc1990.
300 _aviii, 348 p. ;
_c23 cm.
504 _aIncludes bibliographical references.
650 0 _aExports
_zAsia.
_9137507
650 0 _aProtectionism.
_9131277
650 0 _aNon-tariff trade barriers.
_9137508
651 0 _aAsia
_xCommerce.
_9137509
710 2 _aEconomics and Development Resource Center (Asian Development Bank)
_9137510
942 _2ddc
_cBK
999 _c44873
_d44873